| 000 | 00959nam a2200169Ia 4500 | ||
|---|---|---|---|
| 005 | 20260302161543.0 | ||
| 008 | 260302s9999 xx 000 0 und d | ||
| 020 | _a9781403992390 | ||
| 082 |
_a338.9 _bMOR |
||
| 100 | _aMorvaridi, Behrooz | ||
| 245 | 0 |
_aSocial Justice and Development / _cMorvaridi, Behrooz |
|
| 260 |
_bPalgrave Macmillan, _c2008 |
||
| 300 | _a224 pages | ||
| 520 | _aThis book examines the emergence of a rights-based approach to development as a means to addressing social injustice, poverty and inequality and considers the extent to which it has been able to influence development thinking. The emergence of a rights-based approach has contributed to defining new agendas and perspectives, including 'non-Western' alternatives. However, as the book demonstrates, the rights agenda has not in fact moved policy and practice forwards towards delivery of wider access to development. | ||
| 650 | _aPolitical Science | ||
| 942 | _cENGLISH | ||
| 999 |
_c616691 _d616691 |
||